<?xml version="1.0" encoding="UTF-8"?>
<record
    xmlns:xsi="http://www.w3.org/2001/XMLSchema-instance"
    xsi:schemaLocation="http://www.loc.gov/MARC21/slim http://www.loc.gov/standards/marcxml/schema/MARC21slim.xsd"
    xmlns="http://www.loc.gov/MARC21/slim">

  <leader>00596nam a2200169Ia 4500</leader>
  <controlfield tag="003">LK-CoDNM</controlfield>
  <controlfield tag="008">010623t1986    xxu||||| |||| 00| 1 sin d</controlfield>
  <datafield tag="040" ind1=" " ind2=" ">
    <subfield code="a">LK-CoDNM</subfield>
    <subfield code="d">LK-CoDNM</subfield>
    <subfield code="e">LK-CoDNM</subfield>
  </datafield>
  <datafield tag="041" ind1=" " ind2=" ">
    <subfield code="a">sin</subfield>
  </datafield>
  <datafield tag="080" ind1=" " ind2=" ">
    <subfield code="a">(x) 92</subfield>
    <subfield code="b">UTH</subfield>
  </datafield>
  <datafield tag="245" ind1=" " ind2=" ">
    <subfield code="a">&#xD85;&#xDAD;&#xDD2;&#xDB4;&#xDD4;&#xDA2;&#xDCA;&#x200D;&#xDBA; &#xD89;&#xDB3;&#xDD4;&#xDBB;&#xDD4;&#xDC0;&#xDDA; &#xD8B;&#xDAD;&#xDCA;&#xDAD;&#xDBB;&#xDCF;&#xDB1;&#xDB1;&#xDCA;&#xDAF;&#xDCF;&#xDB7;&#xDD2;&#xDB0;&#xDCF;&#xDB1; &#xDB8;&#xDC4;&#xDCF;&#xDB1;&#xDCF;&#xDBA;&#xD9A; &#xDB8;&#xDCF;&#xDC4;&#xDD2;&#xDB8;&#xDD2;&#xDB4;&#xDCF;&#xDAB;&#xDB1;&#xDCA; &#xDC0;&#xDC4;&#xDB1;&#xDCA;&#xDC3;&#xDDA;</subfield>
  </datafield>
  <datafield tag="246" ind1=" " ind2=" ">
    <subfield code="a">Athipujya Induruwe uththaranandabhidhana mahanayaka mahimipanan wahanse</subfield>
  </datafield>
  <datafield tag="260" ind1=" " ind2=" ">
    <subfield code="b"></subfield>
    <subfield code="c">1986</subfield>
  </datafield>
  <datafield tag="300" ind1=" " ind2=" ">
    <subfield code="b">15, 24 cm</subfield>
  </datafield>
  <datafield tag="650" ind1=" " ind2=" ">
    <subfield code="a">Biography</subfield>
  </datafield>
  <datafield tag="942" ind1=" " ind2=" ">
    <subfield code="c">BK</subfield>
  </datafield>
  <datafield tag="952" ind1=" " ind2=" ">
    <subfield code="0">0</subfield>
    <subfield code="1">0</subfield>
    <subfield code="4">0</subfield>
    <subfield code="7">0</subfield>
    <subfield code="8">MONO</subfield>
    <subfield code="a">MAIN</subfield>
    <subfield code="b">MAIN</subfield>
    <subfield code="d">2023-08-02</subfield>
    <subfield code="l">0</subfield>
    <subfield code="o">(x) 92 UTH</subfield>
    <subfield code="p">16094</subfield>
    <subfield code="r">2023-08-02</subfield>
    <subfield code="w">2023-08-02</subfield>
    <subfield code="y">BK</subfield>
  </datafield>
  <datafield tag="999" ind1=" " ind2=" ">
    <subfield code="c">113226</subfield>
    <subfield code="d">113226</subfield>
  </datafield>
</record>
